Culture Générale - Série 875 - Statistiques

Statistiques générales
  • Ce quiz a été pris 129 fois
  • Le résultat moyen est 6 sur 10
Statistiques - réponses
Question Réponse % Correct
Quel est le symbole chimique de l'hydrogène ? H
99%
À quel verbe se rapporte l'imparfait du subjonctif “que je tinsse” ? tenir
94%
Trouvez le 4° homonyme de "seau", "saut", "sot" sceau
93%
Quelle sacoche servant à transporter des documents possède le même nom qu'une pièce de tissu très utile après la douche ? serviette
92%
Quel est le premier long métrage d'animation de Walt Disney ? Blanche-Neige
80%
Quel est le nom de la grosse bouteille de vin contenant l'équivalent de deux bouteilles normales ? magnum
74%
En 1960, quel chanteur américain a fait un tube avec "It's Now or Never", reprise d'"O Sole Mio" ? Elvis Presley
43%
Quel couturier lance la minijupe en France, en 1967 ? André Courrèges
18%
Comment s'appellent les habitants de Pont-l'Évêque ? Pontépiscopiens
6%
Dans la série de BD, le fidèle compagnon d'aventures de Bibi Fricotin s'appelle Razibus... Zouzou
2%
Aucun quiz correspondant
Distribution des résultats
% des personnes avec chaque résultat
Percentile par nombre de réponses
Votre historique - résultats
Vous n’avez pas pris ce quiz